| 000 | 01022nac a22002775a 4500 | ||
|---|---|---|---|
| 008 | 081117r2007 xxua|||| |||| 001 0 eng d | ||
| 010 | _a 2006049694 | ||
| 020 | _a0471733881 | ||
| 020 | _a9780471733881 | ||
| 035 | _a(OCoLC)71241984 | ||
| 040 |
_aEG-ScBUE _beng _cEG-ScBUE |
||
| 082 | 0 | 4 |
_a004.22 _bMUR _222 |
| 100 | 1 |
_aMurdocca, Miles. _911548 |
|
| 245 | 1 | 0 |
_aComputer architecture and organization an: integrated approach / _cMiles J. Murdocca, Vincent P. Heuring. |
| 260 |
_aHoboken, New Jersey : _bJohn Wiley & Sons, Inc., _cc.2007. |
||
| 300 |
_axx, 524 p. : _bill. ; _c25 cm. |
||
| 500 | _aIndex : p. 519-524. | ||
| 504 | _aIncludes bibliographical references. | ||
| 590 | _aDoha Ragab Reviewed by : Wessam | ||
| 650 | 0 |
_aComputer architecture. _911550 _2BUEsh |
|
| 653 | _bCOMSCI | ||
| 655 |
_vreading book _934232 |
||
| 700 | 1 |
_aHeuring, Vincent P. _911551 |
|
| 856 | 4 | 1 |
_3Table of contents only _uhttp://www.loc.gov/catdir/enhancements/fy0740/2006049694-t.html |
| 942 |
_cBB _k004.22 MUR _2ddc |
||
| 999 |
_c8200 _d8200 |
||